| 000 | 01371cam a2200397 i 4500 | ||
|---|---|---|---|
| 999 |
_c200429261 _d47185 |
||
| 003 | TR-AnTOB | ||
| 005 | 20230522135432.0 | ||
| 007 | ta | ||
| 008 | 850502s2001 tu a b 001 0 tur d | ||
| 010 | _a 2001441268 | ||
| 020 | _a9758485032 | ||
| 020 | _a9789758485031 | ||
| 035 | _a(DLC) 2001441268 | ||
| 040 |
_aXX-XxUND _beng _erda _cXX-XxUND _dDLC _dTR-AnTOB |
||
| 041 | 0 | _atur | |
| 042 |
_alcode _alccopycat |
||
| 043 | _aa-tu--- | ||
| 050 |
_aDR600 _b.U23 2001 |
||
| 090 |
_aDR600 _b.U23 2001 |
||
| 100 | 1 |
_aUçar, Ahmet, _d1960- _eauthor _9106914 |
|
| 245 | 1 | 0 |
_aMilli Mücadele'den 12 Mart'a Konya'da siyasi sürgünler / _cAhmet Uçar. |
| 246 | 3 | 0 | _aSiyasi sürgünler |
| 250 | _a1. baskı. | ||
| 264 | 1 |
_aBağcılar, İstanbul : _bTez Yayınları, _c2001. |
|
| 300 |
_a383 pages : _billustrations ; _c22 cm. |
||
| 336 |
_atext _btxt _2rdacontent |
||
| 337 |
_aunmediated _bn _2rdamedia |
||
| 338 |
_avolume _bnc _2rdacarrier |
||
| 504 | _aIncludes bibliographical references (p. 329-336) and indexes. | ||
| 505 | _aMilli mücadele ve Cumhuriyet'in ilk yılları -- Tek parti dönemi -- Demokrat parti dönemi -- 1960 sonrası | ||
| 590 | _aDonated by Levent Kuşoğlu | ||
| 651 | 0 |
_aTürkiye _xTarih _yHükümet darbesi, 1971 _9119493 |
|
| 651 | 0 |
_aTurkey _xHistory _yCoup d'état, 1971 _9119490 |
|
| 942 |
_2lcc _cBK |
||